[Event "3FoglarVeterans_SIM_B"]
[Site "?"]
[Date "2007.??.??"]
[Round "?"]
[White "Weber, Karlheinz"]
[Black "Cipka, Ivan"]
[Result "1/2-1/2"]
[WhiteElo "2298"]
[BlackElo "2282"]
[PlyCount "81"]
[EventDate "2007.??.??"]
[EventType "corr"]
[SourceDate "2007.05.17"]

1. d4 d5 2. c4 dxc4 3. Nf3 Bf5 4. Nc3 Nf6 5. Ne5 Nbd7 6. Nxc4 e6 7. f3 Bg6 8.
e4 Be7 9. Be3 O-O 10. Be2 c6 11. a4 Qb8 12. Qd2 e5 13. O-O Rd8 14. Rad1 b6 15.
Qc1 exd4 16. Rxd4 b5 17. Na5 Rc8 18. axb5 cxb5 19. Qd2 Bc5 20. Nxb5 Bxd4 21.
Nxd4 Ne5 22. b4 a6 23. Bf4 Qd6 24. Nac6 Nfd7 25. Rc1 Kh8 26. Rc3 Qf6 27. Qc1
Nxc6 28. Nxc6 Qe6 29. Bd1 f6 30. Bb3 Qe8 31. Be3 Rc7 32. Qd2 Ne5 33. Nxe5 Qxe5
34. Rd3 Be8 35. Bf4 Qa1+ 36. Kf2 Rd7 37. Rd5 Rad8 38. Bc7 Rxd5 39. exd5 Rc8 40.
d6 Bd7 41. h3 1/2-1/2

[Event "3FoglarVeterans_SIM_B"]
[Site "?"]
[Date "2007.??.??"]
[Round "?"]
[White "Mokrinsky, Evgeny E."]
[Black "Rauduve, Algirdas"]
[Result "1/2-1/2"]
[WhiteElo "2341"]
[BlackElo "2318"]
[PlyCount "70"]
[EventDate "2007.??.??"]
[EventType "corr"]
[SourceDate "2007.05.17"]

1. e4 c5 2. Nf3 d6 3. d4 cxd4 4. Nxd4 Nf6 5. Nc3 a6 6. Bg5 e6 7. f4 Qb6 8. Qd2
Qxb2 9. Rb1 Qa3 10. f5 Nc6 11. fxe6 fxe6 12. Nxc6 bxc6 13. Be2 Be7 14. O-O O-O
15. Rb3 Qc5+ 16. Be3 Qe5 17. Bf4 Nxe4 18. Nxe4 Qxe4 19. Bxd6 Rxf1+ 20. Kxf1 Bf6
21. Qd3 Qd5 22. c4 Qg5 23. Qe4 Bd7 24. Rb7 Be8 25. Qxe6+ Kh8 26. g3 Bg6 27. Bf4
Qa5 28. Bb8 h6 29. Qg4 Kh7 30. h4 Qd8 31. h5 Bc2 32. Bf4 Qe8 33. Rd7 Kh8 34.
Rd6 Qf8 35. Rxc6 Bd4 1/2-1/2

[Event "3FoglarVeterans_SIM_B"]
[Site "?"]
[Date "2007.??.??"]
[Round "?"]
[White "Maksimov, Yuri I."]
[Black "Weber, Karlheinz"]
[Result "0-1"]
[WhiteElo "2365"]
[BlackElo "2298"]
[PlyCount "80"]
[EventDate "2007.??.??"]
[EventType "corr"]
[SourceDate "2007.05.17"]

1. e4 e5 2. Nf3 Nc6 3. Bb5 a6 4. Ba4 Nf6 5. O-O Be7 6. d3 d6 7. c4 O-O 8. h3
Nd4 9. Nxd4 exd4 10. f4 c6 11. Nd2 b5 12. Bb3 Nd7 13. Qe2 Nb6 14. Qh5 c5 15. g4
Bd7 16. g5 a5 17. a4 bxa4 18. Bd1 f6 19. h4 Qc7 20. g6 hxg6 21. Qxg6 f5 22. Rf2
Rf6 23. Qg3 Rh6 24. Rg2 Bf6 25. Bf3 Re8 26. h5 Bc6 27. Rh2 Qb7 28. Rh3 Qd7 29.
Rh2 Re6 30. exf5 Re3 31. Ra3 Qe7 32. Ne4 Bh4 33. Rxh4 Rxf3 34. Qg5 Kf8 35.
Qxe7+ Kxe7 36. Nd2 Rg3+ 37. Kf1 Rg2 38. Ra1 Kf6 39. Ne4+ Bxe4 40. dxe4 Rc2 0-1

[Event "3FoglarVeterans_SIM_B"]
[Site "?"]
[Date "2007.??.??"]
[Round "?"]
[White "Cipka, Ivan"]
[Black "Maksimov, Yuri I."]
[Result "1-0"]
[WhiteElo "2282"]
[BlackElo "2365"]
[PlyCount "69"]
[EventDate "2007.??.??"]
[EventType "corr"]
[SourceDate "2007.05.17"]

1. e4 c5 2. Nf3 Nc6 3. d4 cxd4 4. Nxd4 Nf6 5. Nc3 e5 6. Ndb5 d6 7. Nd5 Nxd5 8.
exd5 Ne7 9. c4 Nf5 10. Bd3 g6 11. O-O a6 12. Nc3 Bg7 13. Qa4+ Bd7 14. Qa3 O-O
15. Ne4 Qe7 16. b3 b5 17. Bg5 f6 18. Bd2 a5 19. f4 b4 20. Qc1 Bh6 21. Re1 Nd4
22. c5 dxc5 23. d6 Qg7 24. fxe5 Bxd2 25. exf6 Bxc1 26. fxg7 Kxg7 27. Raxc1 Bf5
28. Rxc5 Rad8 29. Rd5 Ne6 30. Bb5 Rf7 31. Ng3 Nf4 32. Nxf5+ gxf5 33. Rd4 Ng6
34. Re8 Rf8 35. d7 1-0

[Event "3FoglarVeterans_SIM_B"]
[Site "?"]
[Date "2007.??.??"]
[Round "?"]
[White "Illetsko, Jaroslav"]
[Black "Maksimov, Yuri I."]
[Result "1-0"]
[WhiteElo "2262"]
[BlackElo "2365"]
[PlyCount "85"]
[EventDate "2007.??.??"]
[EventType "corr"]
[SourceDate "2007.05.17"]

1. d4 f5 2. Nc3 d5 3. Bf4 e6 4. e3 Nf6 5. Nf3 Be7 6. h3 O-O 7. Nb5 Bd6 8. Nxd6
cxd6 9. Qd3 Ne4 10. Qa3 Qc7 11. Bd3 Nd7 12. O-O e5 13. Bh2 Re8 14. Rac1 Nb6 15.
Qa5 exd4 16. Nxd4 Bd7 17. f3 Nf6 18. Rfe1 Qc5 19. Nb3 Qc6 20. Qb4 Na4 21. Rb1
Nc5 22. Nd4 Nxd3 23. cxd3 Qc5 24. Bxd6 Qxb4 25. Bxb4 a5 26. Bd6 Rac8 27. Kf2
Kf7 28. Rbc1 h6 29. Bc7 a4 30. Rc3 g5 31. Rec1 h5 32. f4 g4 33. Be5 Kg6 34.
Bxf6 Kxf6 35. Rxc8 Rxc8 36. Rxc8 Bxc8 37. h4 Bd7 38. Ke2 Ke7 39. Kd2 Kd6 40.
Kc3 Kc5 41. b4+ axb3 42. axb3 Kd6 43. b4 1-0

[Event "3FoglarVeterans_SIM_B"]
[Site "?"]
[Date "2007.??.??"]
[Round "?"]
[White "Weber, Karlheinz"]
[Black "Rauduve, Algirdas"]
[Result "1-0"]
[WhiteElo "2298"]
[BlackElo "2318"]
[PlyCount "97"]
[EventDate "2007.??.??"]
[EventType "corr"]
[SourceDate "2007.05.17"]

1. d4 Nf6 2. c4 e6 3. Nf3 b6 4. a3 Bb7 5. Nc3 d5 6. Bg5 Be7 7. Qa4+ Nbd7 8.
Bxf6 Bxf6 9. cxd5 exd5 10. g3 c5 11. Bh3 cxd4 12. Nxd4 O-O 13. Bxd7 Bxd4 14.
Qxd4 Qxd7 15. O-O Rad8 16. Rad1 Qh3 17. Rd2 Rd6 18. f3 Rh6 19. Rf2 Rd6 20. Rd1
Rfd8 21. Nb5 Rf6 22. e4 h5 23. e5 Re6 24. Nd6 Ba8 25. f4 f6 26. Qd3 Rf8 27.
Rdf1 h4 28. Nf5 d4 29. Nxh4 fxe5 30. f5 Rh6 31. Ng6 Rd8 32. Rc1 Rxg6 33. fxg6
Qe6 34. Qf5 Qxf5 35. Rxf5 d3 36. Kf2 d2 37. Rd1 Be4 38. Rxe5 Bc2 39. Ke2 Bxd1+
40. Kxd1 Kf8 41. Rf5+ Kg8 42. h4 Rd3 43. Rg5 Kf8 44. h5 a6 45. g4 b5 46. Rf5+
Kg8 47. g5 Rd8 48. h6 Kh8 49. Rf7 1-0

[Event "3FoglarVeterans_SIM_B"]
[Site "?"]
[Date "2007.??.??"]
[Round "?"]
[White "Rauduve, Algirdas"]
[Black "Matousek, Jan"]
[Result "0-1"]
[WhiteElo "2318"]
[BlackElo "2314"]
[PlyCount "81"]
[EventDate "2007.??.??"]
[EventType "corr"]
[SourceDate "2007.05.17"]

1. e4 c5 2. Nf3 Nc6 3. d4 cxd4 4. Nxd4 Nf6 5. Nc3 e5 6. Ndb5 d6 7. Bg5 a6 8.
Na3 b5 9. Bxf6 gxf6 10. Nd5 f5 11. Bd3 Be6 12. O-O Bxd5 13. exd5 Ne7 14. c3 Bg7
15. Qh5 e4 16. Bc2 Qc8 17. Rae1 O-O 18. Bb3 a5 19. Qg5 Qb7 20. f3 h6 21. Qg3 a4
22. Bc2 b4 23. Nc4 bxc3 24. fxe4 f4 25. Qd3 cxb2 26. e5 Ng6 27. Nxd6 Qa6 28.
Qh3 Nxe5 29. Nf5 Ng6 30. d6 Qc4 31. Bb1 Rfe8 32. Rxe8+ Rxe8 33. Qf3 Bf8 34. h3
Qc5+ 35. Kh1 Bxd6 36. Nxh6+ Kf8 37. Qb7 Qc4 38. Rd1 Be5 39. Nf5 Ne7 40. Nxe7
Rxe7 41. Rd8+ 0-1

[Event "3FoglarVeterans_SIM_B"]
[Site "?"]
[Date "2007.??.??"]
[Round "?"]
[White "Rauduve, Algirdas"]
[Black "Maksimov, Yuri I."]
[Result "1-0"]
[WhiteElo "2318"]
[BlackElo "2365"]
[PlyCount "63"]
[EventDate "2007.??.??"]
[EventType "corr"]
[SourceDate "2007.05.17"]

1. e4 c5 2. Nf3 Nc6 3. d4 cxd4 4. Nxd4 Nf6 5. Nc3 e5 6. Ndb5 d6 7. Bg5 a6 8.
Na3 b5 9. Bxf6 gxf6 10. Nd5 Bg7 11. Bd3 Ne7 12. Nxe7 Qxe7 13. c3 f5 14. Nc2 f4
15. Qh5 Bb7 16. Nb4 Qe6 17. O-O O-O 18. Rfd1 Qg6 19. Qxg6 fxg6 20. Bc2 a5 21.
Nd5 Ra7 22. a4 bxa4 23. Rxa4 Bc6 24. Ra2 Rb7 25. Bb3 Kh8 26. Bc4 a4 27. Nb4
Bxe4 28. f3 d5 29. Bxd5 Bxd5 30. Rxd5 Ra8 31. Nd3 Kg8 32. Nc5 1-0

[Event "3FoglarVeterans_SIM_B"]
[Site "?"]
[Date "2007.??.??"]
[Round "?"]
[White "Christiansen, Tonny"]
[Black "Maksimov, Yuri I."]
[Result "1-0"]
[WhiteElo "2340"]
[BlackElo "2365"]
[PlyCount "91"]
[EventDate "2007.??.??"]
[EventType "corr"]
[SourceDate "2007.05.17"]

1. e4 e6 2. d4 d5 3. Nd2 c5 4. exd5 exd5 5. Ngf3 a6 6. dxc5 Bxc5 7. Nb3 Be7 8.
Bd3 Nf6 9. O-O Bg4 10. Bg5 O-O 11. h3 Bh5 12. Re1 Nc6 13. c3 Ne4 14. Bf4 f5 15.
Be2 Bf7 16. Qc2 Bh4 17. Rf1 Rc8 18. Rad1 g6 19. Be3 Bf6 20. Nbd4 Re8 21. Nxc6
Rxc6 22. Rfe1 Qa5 23. Qb1 Rce6 24. Bd3 Bg7 25. Bc2 R6e7 26. Bb3 Qc7 27. Qd3 f4
28. Bd4 Bf8 29. Re2 h6 30. Rde1 Qc6 31. a4 Nc5 32. Bxc5 Rxe2 33. Rxe2 Rxe2 34.
Qxe2 Bxc5 35. Ne5 Qe6 36. Kf1 b6 37. Nxf7 Qxe2+ 38. Kxe2 Kxf7 39. Bxd5+ Kf6 40.
b4 Be7 41. Kd3 Ke5 42. Be4 Bh4 43. f3 a5 44. Bxg6 Be1 45. Kc4 Kf6 46. Be4 1-0

[Event "3FoglarVeterans_SIM_B"]
[Site "?"]
[Date "2007.??.??"]
[Round "?"]
[White "Maksimov, Yuri I."]
[Black "Glinz, Gustavo"]
[Result "0-1"]
[WhiteElo "2365"]
[BlackElo "2321"]
[PlyCount "90"]
[EventDate "2007.??.??"]
[EventType "corr"]
[SourceDate "2007.05.17"]

1. e4 e6 2. d4 d5 3. Nd2 Nf6 4. e5 Nfd7 5. Bd3 c5 6. c3 Nc6 7. Ngf3 a5 8. O-O
Be7 9. Re1 cxd4 10. cxd4 g5 11. h4 gxh4 12. Nf1 Qb6 13. Bc2 Rg8 14. Bxh7 Rh8
15. Bc2 h3 16. g3 Qd8 17. Bf4 b5 18. Ne3 a4 19. Bd3 Qb6 20. Nxd5 exd5 21. e6
Nf6 22. exf7+ Kf8 23. Qd2 Kxf7 24. Ng5+ Kg8 25. Rac1 Bf8 26. Bb1 Qb7 27. Be5
h2+ 28. Kh1 Nxe5 29. dxe5 d4+ 30. f3 Nh5 31. Kg2 Bh6 32. Be4 Qe7 33. Bxa8 Bh3+
34. Kxh2 Bxg5 35. Qxd4 Bxc1 36. Rxc1 Be6 37. Kg2 Qg5 38. Bd5 Qxc1 39. Bxe6+ Kg7
40. Qg4+ Kh6 41. Bf7 Qxb2+ 42. Kh3 Qb1 43. Kg2 Qc2+ 44. Kh3 Qh7 45. Bxh5 Qg7
0-1

[Event "3FoglarVeterans_SIM_B"]
[Site "?"]
[Date "2007.??.??"]
[Round "?"]
[White "Cipka, Ivan"]
[Black "Rauduve, Algirdas"]
[Result "1/2-1/2"]
[WhiteElo "2282"]
[BlackElo "2318"]
[PlyCount "91"]
[EventDate "2007.??.??"]
[EventType "corr"]
[SourceDate "2007.05.17"]

1. e4 c5 2. Nf3 d6 3. d4 cxd4 4. Nxd4 Nf6 5. Nc3 a6 6. Be2 e5 7. Nb3 Be7 8. Qd3
O-O 9. O-O Nc6 10. Nd5 Nxd5 11. exd5 Nb8 12. a4 Nd7 13. a5 f5 14. f4 Qc7 15.
fxe5 Nxe5 16. Qc3 Qxc3 17. bxc3 Bd7 18. Nd4 Rac8 19. Rb1 Rc7 20. Rb3 Bc8 21.
Be3 Nc4 22. Bxc4 Rxc4 23. Ne6 Rf7 24. Bb6 Bf6 25. Bd4 Ra4 26. Bxf6 Rxf6 27. Rb6
Rxa5 28. Rxd6 Bxe6 29. dxe6 Re5 30. Rd8+ Rf8 31. Rd7 Rxe6 32. Rxb7 g6 33. Ra1
Rf7 34. Rxf7 Kxf7 35. c4 Rc6 36. Ra4 Ke6 37. Kf2 Kd6 38. Ke3 Kc5 39. Kd3 Rd6+
40. Kc3 Re6 41. Kd3 f4 42. c3 h6 43. Ra5+ Kb6 44. Rd5 g5 45. Rf5 a5 46. h4
1/2-1/2

[Event "3FoglarVeterans_SIM_B"]
[Site "?"]
[Date "2007.??.??"]
[Round "?"]
[White "Rauduve, Algirdas"]
[Black "Pesa, Ladislav"]
[Result "1/2-1/2"]
[WhiteElo "2318"]
[BlackElo "2342"]
[PlyCount "108"]
[EventDate "2007.??.??"]
[EventType "corr"]
[SourceDate "2007.05.17"]

1. e4 e5 2. Nf3 Nf6 3. Nxe5 d6 4. Nxf7 Kxf7 5. d4 c5 6. Nc3 cxd4 7. Bc4+ d5 8.
Nxd5 Be6 9. O-O Nc6 10. Bg5 Be7 11. Bb3 Re8 12. Qf3 Kf8 13. Nf4 Bg8 14. Rad1
Qd6 15. Rfe1 Qe5 16. Bh4 Bxb3 17. axb3 Kg8 18. Nd5 Nh5 19. Bg3 Nxg3 20. hxg3
Rac8 21. c3 dxc3 22. bxc3 Bc5 23. b4 Rf8 24. Nf4 Bb6 25. Rd5 Qe8 26. e5 Ne7 27.
Rd6 Rc7 28. Red1 Qc8 29. e6 Rxc3 30. Nd5 Rc7 31. Nxb6 axb6 32. Qd3 Rc1 33. Rd7
Re8 34. Kh2 Rxd1 35. Qxd1 Qc6 36. Rd6 Qb5 37. Qf3 Qf5 38. Rxb6 Qxf3 39. gxf3
Nc8 40. Rxb7 Rxe6 41. Rb8 Re8 42. g4 Kf7 43. f4 Nd6 44. Rb6 Ke6 45. f5+ Kd5 46.
f3 Re7 47. Kg3 Rb7 48. Rxb7 Nxb7 49. Kf4 Nd6 50. Kg5 Ne8 51. Kf4 Kd6 52. g5 Nc7
53. Ke4 Nd5 54. f6 gxf6 1/2-1/2

[Event "3FoglarVeterans_SIM_B"]
[Site "?"]
[Date "2007.??.??"]
[Round "?"]
[White "Illetsko, Jaroslav"]
[Black "Rauduve, Algirdas"]
[Result "1/2-1/2"]
[WhiteElo "2262"]
[BlackElo "2318"]
[PlyCount "90"]
[EventDate "2007.??.??"]
[EventType "corr"]
[SourceDate "2007.05.17"]

1. e4 c5 2. f4 Nc6 3. Nf3 e6 4. Bb5 Nge7 5. O-O a6 6. Bxc6 Nxc6 7. d3 Be7 8.
Ne5 O-O 9. Nxc6 bxc6 10. e5 f6 11. Nd2 a5 12. b3 a4 13. Bb2 Ba6 14. Qe2 fxe5
15. fxe5 Qb6 16. Kh1 axb3 17. axb3 Rxf1+ 18. Rxf1 Rf8 19. Rxf8+ Bxf8 20. Bc3
Qd8 21. Ne4 Qe8 22. Kg1 Qg6 23. Ba5 c4 24. bxc4 c5 25. Bb6 Qh6 26. Qd2 Qh5 27.
Bxc5 Bxc5+ 28. Nxc5 Qxe5 29. d4 Qd6 30. Qd3 Bc8 31. h3 Qf4 32. Qe4 Qc7 33. c3
Qa5 34. Qe1 Qc7 35. Qh4 h6 36. Qh5 Qb8 37. Qg6 Qf4 38. Ne4 Ba6 39. c5 Bb5 40.
Nd6 Bc6 41. Nc8 Bb7 42. Nb6 Bc6 43. Kh1 Kf8 44. Qg4 Qc1+ 45. Kh2 Qxc3 1/2-1/2

[Event "3FoglarVeterans_SIM_B"]
[Site "?"]
[Date "2007.??.??"]
[Round "?"]
[White "Nocci, Roberto"]
[Black "Rauduve, Algirdas"]
[Result "1/2-1/2"]
[WhiteElo "2311"]
[BlackElo "2318"]
[PlyCount "182"]
[EventDate "2007.??.??"]
[EventType "corr"]
[SourceDate "2007.05.17"]

1. d4 Nf6 2. Bf4 e6 3. Nf3 c5 4. e3 Nc6 5. Nbd2 cxd4 6. exd4 Be7 7. c3 O-O 8.
h3 d6 9. Bd3 e5 10. Bg3 exd4 11. Nxd4 Nxd4 12. cxd4 Qb6 13. O-O Qxd4 14. Nf3
Qb6 15. Re1 Re8 16. Bc4 d5 17. Bxd5 Nxd5 18. Qxd5 Be6 19. Qe4 Qxb2 20. Be5 Qb6
21. Nd4 Bf8 22. Rab1 Qa5 23. Qxb7 Bd5 24. Qb5 Qxa2 25. Nf5 Re6 26. Bd6 Qc4 27.
Red1 Qxb5 28. Rxb5 Bxd6 29. Rbxd5 Bb4 30. Nd4 Rb6 31. Nc2 Be7 32. Ra1 Bf6 33.
Ra4 h6 34. g3 Rb7 35. Kg2 Rd8 36. Ne3 Rbd7 37. Rxd7 Rxd7 38. f4 Bd4 39. Nc4 Bc5
40. Ra5 Rc7 41. Ra4 Rb7 42. Ra5 Bb4 43. Ra6 f6 44. g4 Rd7 45. Ra4 Bf8 46. Ra6
Rd4 47. Ne3 Rd3 48. Nf5 Bc5 49. Rc6 Bb6 50. h4 Rd7 51. Rc8+ Rd8 52. Rc6 Rd7 53.
Rc8+ Kf7 54. Kf3 Rd8 55. Rc2 Rd5 56. Rc8 h5 57. Rh8 hxg4+ 58. Kxg4 Rd1 59. h5
Rg1+ 60. Kf3 Ke6 61. Ng3 Rc1 62. Re8+ Kf7 63. Rb8 Rc3+ 64. Kg4 Rc4 65. Rb7+ Rc7
66. Rb8 Bc5 67. Ra8 Bb4 68. Nf5 Bc5 69. Ng3 Rd7 70. Nf5 Bb6 71. Rb8 Bd8 72. Kf3
Ba5 73. Ke4 Bb6 74. Rh8 a5 75. Ra8 Ra7 76. Rc8 Rc7 77. Ra8 Ra7 78. Rc8 Bf2 79.
Rc2 Be1 80. Rg2 Kf8 81. Rg6 Bc3 82. Rg3 Bb4 83. Rg6 a4 84. h6 gxh6 85. Rxf6+
Ke8 86. Rxh6 Bf8 87. Nd6+ Bxd6 88. Rxd6 a3 89. Rd1 a2 90. Ra1 Ra5 91. Kd3 Ke7
1/2-1/2

[Event "3FoglarVeterans_SIM_B"]
[Site "?"]
[Date "2007.??.??"]
[Round "?"]
[White "Mokrinsky, Evgeny E."]
[Black "Illetsko, Jaroslav"]
[Result "0-1"]
[WhiteElo "2341"]
[BlackElo "2262"]
[PlyCount "144"]
[EventDate "2007.??.??"]
[EventType "corr"]
[SourceDate "2007.05.17"]

1. e4 d6 2. d4 Nf6 3. Nc3 g6 4. Nf3 Bg7 5. Be2 O-O 6. O-O c6 7. a4 a5 8. h3 Na6
9. Be3 Nb4 10. Qd2 e5 11. dxe5 dxe5 12. Rad1 Qe7 13. Ng5 h6 14. Nf3 Kh7 15. Bb6
Nh5 16. Bc4 Nf4 17. Ne2 Be6 18. Bxe6 Nxe6 19. c3 Na6 20. Qc2 Nac5 21. Nd2 Nd7
22. Be3 Rfd8 23. Nc4 b5 24. axb5 cxb5 25. Nd6 Nf6 26. Nxb5 Qb7 27. c4 Nxe4 28.
Rxd8 Rxd8 29. Rd1 Rc8 30. Qc1 Qe7 31. f3 N4c5 32. Nec3 Nb3 33. Nd5 Qh4 34. Qb1
Rc6 35. Na3 Ned4 36. Qd3 a4 37. Bf2 Qg5 38. Kf1 Rc8 39. Be3 Qg3 40. Nb5 Nf5 41.
Nbc3 Qh2 42. Bg1 Qh1 43. Nxa4 Nh4 44. Qe2 Nd4 45. Qf2 Rxc4 46. Ne3 Nxg2 47.
Nxc4 Nf4 48. Rxd4 Qxh3+ 49. Ke1 exd4 50. Kd2 Qf5 51. Qf1 Bf6 52. b3 Qb5 53. Qd1
Qg5 54. Qf1 Nh3+ 55. f4 Nxf4 56. Kd1 Qg4+ 57. Kd2 Qg3 58. Kc2 Bg7 59. Bf2 d3+
60. Kb1 Qf3 61. Nd2 Qd5 62. Ka2 Ne2 63. Bb6 Nc3+ 64. Nxc3 Bxc3 65. Qf2 h5 66.
Nb1 Bg7 67. Ka3 g5 68. Nd2 f5 69. b4 h4 70. Qe3 Kh6 71. Bc5 Be5 72. Nf3 f4 0-1

[Event "3FoglarVeterans_SIM_B"]
[Site "?"]
[Date "2007.??.??"]
[Round "?"]
[White "Maksimov, Yuri I."]
[Black "Vasile, Constantin"]
[Result "0-1"]
[WhiteElo "2385"]
[BlackElo "2247"]
[PlyCount "134"]
[EventDate "2007.??.??"]
[EventType "corr"]
[SourceDate "2007.05.17"]

1. e4 c5 2. Nf3 Nc6 3. Bb5 g6 4. O-O Bg7 5. c3 a6 6. Bxc6 dxc6 7. h3 Qd3 8. Re1
Nf6 9. Re3 Qd8 10. d4 O-O 11. Qc2 Nd7 12. Rd3 Qc7 13. Bg5 e5 14. Be7 c4 15. Re3
Re8 16. Bh4 b5 17. Bg3 c5 18. Nbd2 Bb7 19. d5 h6 20. Ree1 Rf8 21. b3 cxb3 22.
axb3 f5 23. exf5 gxf5 24. c4 Qd6 25. Re2 Rae8 26. Rae1 Re7 27. Qc3 Rfe8 28. Nh4
Rf7 29. Ndf3 f4 30. Bh2 bxc4 31. bxc4 Bc8 32. Qd3 Nf8 33. Nd2 Qe7 34. Nhf3 Bf5
35. Qa3 Ng6 36. Ne4 Ra8 37. Qxc5 Qxc5 38. Nxc5 Rc8 39. Ne4 Bf8 40. c5 Bxe4 41.
Rxe4 Rxc5 42. Nxe5 Nxe5 43. Rxe5 Bd6 44. Rh5 a5 45. g3 a4 46. gxf4 Bf8 47. Rhe5
a3 48. Rd1 Rb7 49. Ree1 Rd7 50. Kg2 Rdxd5 51. Ra1 Rc2 52. Re8 a2 53. Ra8 Rdd2
54. Bg3 Kf7 55. Ra7+ Kf6 56. Bh4+ Kg6 57. Ra6+ Kh5 58. Bg3 Bb4 59. Kf3 Rc3+ 60.
Ke4 Re2+ 61. Kd4 Rcc2 62. Rg1 Bc5+ 63. Kd3 Red2+ 64. Ke4 Rc4+ 65. Kf3 Rc3+ 66.
Ke4 Re2+ 67. Kd5 Ra3 0-1

[Event "3FoglarVeterans_SIM_B"]
[Site "?"]
[Date "2007.??.??"]
[Round "?"]
[White "Glinz, Gustavo"]
[Black "Satici, Aydin"]
[Result "1/2-1/2"]
[WhiteElo "2321"]
[BlackElo "2335"]
[PlyCount "47"]
[EventDate "2007.??.??"]
[EventType "corr"]
[SourceDate "2007.05.17"]

1. d4 Nf6 2. c4 c5 3. d5 b5 4. cxb5 a6 5. bxa6 g6 6. a7 Rxa7 7. Nc3 Ba6 8. e4
Bxf1 9. Kxf1 d6 10. Nf3 Nbd7 11. h3 Bg7 12. g3 O-O 13. Kg2 Qa8 14. Qc2 Nb6 15.
a4 Nfd7 16. Bg5 f6 17. Nb5 Rxa4 18. Nc7 Qa7 19. Rxa4 Qxa4 20. Qxa4 Nxa4 21. Ra1
Nxb2 22. Bf4 Nc4 23. Ne6 Rc8 24. Ra7 1/2-1/2